La serpiente está vacía : la ciencia de la conciencia /

Đã lưu trong:
Chi tiết về thư mục
Tác giả chính: Enriquez Arias, Luis Andrés (autor.)
Định dạng: eBook
Ngôn ngữ:Tiếng Tây Ban Nha
Được phát hành: Ciudad de Mexico : Bonilla Artigas Editores, 2025.
Những chủ đề:
Truy cập trực tuyến:https://elibro.unach.elogim.com/es/lc/unach/titulos/281290
Các nhãn: Thêm thẻ
Không có thẻ, Là người đầu tiên thẻ bản ghi này!

MARC

LEADER 00000nam a2200000 i 4500
001 ELB281290
003 FINmELB
005 20250520123933.0
006 m o u
007 cr cn|||||||||
008 250520s2025 mx o 000 0 spa d
020 |a 9786072656826  |q (e-book) 
035 |a (OCoLC)1520572914 
040 |a FINmELB  |b spa  |e rda  |c FINmELB 
050 1 4 |a HQ2042  |b E595 2025 
080 |a 316.728 
082 0 4 |a 306  |2 23 
100 1 |a Enriquez Arias, Luis Andrés,  |e autor. 
245 1 3 |a La serpiente está vacía :  |b la ciencia de la conciencia /  |c Luis Andrés Enriquez Arias. 
264 1 |a Ciudad de Mexico :  |b Bonilla Artigas Editores,  |c 2025. 
300 |a 1 recurso en línea (186 páginas) 
336 |a texto  |b txt  |2 rdamedia/spa 
337 |a computadora  |b c  |2 rdamedia/spa 
338 |a recurso en línea  |2 rdacarrier/spa 
588 |a Descripción basada en metadatos suministrados por el editor y otras fuentes. 
590 |a Recurso electrónico. Santa Fe, Arg.: elibro, 2024. Disponible vía World Wide Web. El acceso puede estar limitado para las bibliotecas afiliadas a elibro. 
650 4 |a Estilos de vida. 
650 4 |a Ética existencial. 
655 4 |a Libros electrónicos. 
797 2 |a elibro, Corp. 
856 4 0 |u https://elibro.unach.elogim.com/es/lc/unach/titulos/281290